Income distribution and high-quality growth /

Bibliographic Details
Corporate Author: NetLibrary, Inc
Other Authors: Tanzi, Vito, Chu, Ke-young, 1941-
Format: eBook
Language:English
Published: Cambridge, Mass. : MIT Press, [1998]
Subjects:
Online Access:Connect to the full text of this electronic book

MARC

Tag First Indicator Second Indicator Subfields
LEADER 00000cam a2200000La 4500
001 in00001580113
005 20220103182620.0
006 m u
007 cr cn-
008 001008s1998 maua sb 001 0 eng d
010 |z  97022967  
020 |a 0585159653 (electronic bk.) :  |c $60.50 
020 |z 0262201097 
035 |a (OCoLC)ocm44964155 
040 |a N$T  |c N$T  |d OCL  |d UtOrBLW 
049 |a IKMN 
050 1 4 |a HC79.I5  |b I483 1998eb 
082 0 4 |a 339.2  |2 21 
245 0 0 |a Income distribution and high-quality growth /  |c edited by Vito Tanzi and Ke-young Chu. 
264 1 |a Cambridge, Mass. :  |b MIT Press,  |c [1998] 
264 4 |c ©1998 
300 |a xvi, 417 pages :  |b illustrations ;  |c 24 cm. 
336 |a text  |b txt  |2 rdacontent 
337 |a computer  |b c  |2 rdamedia 
338 |a online resource  |b cr  |2 rdacarrier 
504 |a Includes bibliographical references and index. 
533 |a Electronic reproduction.  |b Boulder, Colo. :  |c NetLibrary,  |d 2000.  |n Available via the World Wide Web.  |n Available in multiple electronic file formats.  |n Access may be limited to NetLibrary affiliated libraries. 
500 |a Electronic resource. 
650 0 |a Income distribution.  |0 http://id.loc.gov/authorities/subjects/sh85064765 
650 0 |a Equity.  |0 http://id.loc.gov/authorities/subjects/sh85044554 
650 0 |a Economic development.  |0 http://id.loc.gov/authorities/subjects/sh85040804 
650 7 |a Renda (distribuicao)  |2 larpcal 
650 7 |a Desenvolvimento economico.  |2 larpcal 
655 7 |a Electronic books.  |2 local 
700 1 |a Tanzi, Vito.  |0 http://id.loc.gov/authorities/names/n81139470 
700 1 |a Chu, Ke-young,  |d 1941-  |0 http://id.loc.gov/authorities/names/n86870919 
710 2 |a NetLibrary, Inc.  |0 http://id.loc.gov/authorities/names/no99080690 
776 1 |c Original  |w (DLC) 97022967  |w (OCoLC)37011356 
856 4 1 |u https://proxy.library.tamu.edu/login?url=http://www.netLibrary.com/urlapi.asp?action=summary&v=1&bookid=11385  |z Connect to the full text of this electronic book  |t 0 
994 |a 92  |b IKM 
999 |a MARS 
999 f f |s e79da141-ea91-3397-9d97-64ff00419c6f  |i 8fda0108-1311-3626-b914-b74029a63fe5  |t 0 
952 f f |a Texas A&M University  |b College Station  |c Electronic Resources  |d Available Online  |t 0  |e HC79.I5 I483 1998eb  |h Library of Congress classification 
998 f f |a HC79.I5 I483 1998eb  |t 0  |l Available Online